| LEADER |
00795nam0a2200229 450 |
| 001 |
16867649 |
| 010 |
|
|
|a 978-2-7130-2165-7
|b Cart.
|d 9,5
|
| 100 |
|
|
|a 20111025d2011 u u0frey01 ba
|
| 101 |
0 |
|
|a fre
|
| 102 |
|
|
|a FR
|
| 200 |
0 |
|
|a De l'oeuf à la poule
|f Camilla De La Bédoyère
|
| 207 |
|
1 |
|a
|
| 210 |
|
|
|a Paris
|c Gamma Jeunesse
|d 2011
|
| 215 |
|
|
|a 1 vol. (24 p.)
|c illustrations en couleur
|d 25 cm
|
| 300 |
|
|
|a Glossaire
|
| 330 |
|
|
|a Un album qui permet de découvrir comment l'oeuf devient poussin puis poule ou coq.
|
| 606 |
0 |
|
|a Poules
|x Ouvrages pour la jeunesse
|
| 676 |
|
|
|a 636.5
|
| 700 |
|
0 |
|a De La Bédoyère
|b Camilla
|4 70
|
| 900 |
|
|
|a Documentaire
|
| 901 |
|
|
|a Jeunesse
|
| 995 |
|
|
|a Médiathèque
|c Médiathèque
|f 00156008138323
|h 00156008138323
|k E 636.5 DEL
|o p
|q j
|r az
|e Médiathèque
|